[Event "POL-ch U10"]
[Site "Sielpia"]
[Date "2023.03.09"]
[Round "7"]
[White "Kogut, Aleksander"]
[Black "Olejko, Wojciech"]
[Result "0-1"]
[WhiteElo "1111"]
[BlackElo "1273"]
[PlyCount "70"]
[EventDate "2023.03.04"]
[EventType "swiss"]
[EventRounds "9"]
[EventCountry "POL"]
[SourceTitle "EXT 2024"]
[Source "ChessBase"]
[SourceDate "2023.10.10"]
[SourceVersion "1"]
[SourceVersionDate "2023.10.10"]
[SourceQuality "1"]
[WhiteTeam "Poland"]
[BlackTeam "Poland"]
[WhiteTeamCountry "POL"]
[BlackTeamCountry "POL"]

1. e4 e6 2. d4 d5 3. Nc3 Nf6 4. Bg5 Bb4 5. e5 h6 6. exf6 hxg5 7. fxg7 Rg8 8. Qh5 Qf6 9. Nf3 Qxg7 10. Ne5 Nd7 11. Nxd7 Bxd7 12. Rd1 Rh8 13. Qf3 g4 14. Qe3 0-0-0 15. a3 Be7 16. Bb5 Bxb5 17. Nxb5 a6 18. Nc3 Bd6 19. Ne2 Be7 20. Rd3 Bg5 21. Qg3 Rde8 22. Rc3 Bd8 23. Qd6 e5 24. Qxd5 exd4 25. Rb3 c6 26. Qf5+ Kb8 27. Qd7 Re7 28. Qxc6 Qe5 29. Qxa6 Rhe8 30. 0-0 Qxe2 31. Qd6+ Bc7 32. Qb4 Bxh2+ 33. Kxh2 Rh8+ 34. Kg1 Qxf1+ 35. Kxf1 Rh1# 0-1